000 00538nam a2200193 i 4500
001 51049
003 ES-MaACL
005 20250815132823.0
007 t|
008 030808s1964 sp a |||| | spa d
100 1 _aCusa, Juan de.
_942259
245 1 3 _aLa pintura en la construcción /
_cpor Juan Cusa Ramos.
250 _a1ª ed.
260 _aBarcelona :
_bCeac,
_c1964.
300 _a198 p. :
_bil. ;
_c22 cm.
650 7 _aPintura de edificios
_2embne
_9165640
852 _aES-MaACL
_jC-28244
999 _c51049
_d51049